01131 2200205 4500001002100000005001500021008004100036035002000077082000800097084001400105100002200119245003800141250000600179260003800185300001200223520065600235650001000891990001200901990001200913INLIS00000000000082820240611115159240611 1 ind  a0010-0524000063 a813 a813 ABE b aAfriadi, Abednego1 aBulan Memerah /cAbednego Afriadi a1 aYogyakarta :bSheila/ Andi,c2013 a134 hlm aKarena malam-malam yang aku lewati sekarang ini adalah berlembar-lembar lirik lagu dan nada-nada yang itu-itu saja. Seandainya aku bisa mengembalikan putaran bumi, aku akan membuang setiap malam yang penap. Seandainya aku bisa menentukan dari rahim siapa aku dilahirkan, aku akan memilih dilahirkan dari rahim seorang istri menteri, pengusaha, presiden, politikus, pengacara, hakim, jaksa, polisi, atau dari seorang artis yang nyambi jadi politikus. Atau setidaknya lahir dari seorang istri seniman elit bukan dari istri seorang seniman jalanan seperti ibuku. Meskipun suara ayah merdu. Meskipun setiap petikan jemari di dawai gitarnya manis didengar. 4aFiksi a0741256 a0741257